|
|
|
|
| LEADER |
01055nam a22002892a 4500 |
| 001 |
001402238 |
| 003 |
CZ BrMZK |
| 005 |
20140918150855.0 |
| 007 |
ta |
| 008 |
140709s1968 gw er|||||||||||ger d |
| 040 |
|
|
|a ULG001
|b cze
|d BOA001
|
| 072 |
|
7 |
|a 61
|x Lékařské vědy. Lékařství
|2 Konspekt
|9 14
|
| 072 |
|
7 |
|a 030
|x Všeobecná příručková díla
|2 Konspekt
|9 12
|
| 080 |
|
|
|a 61
|2 MRF-sel
|
| 080 |
|
|
|a 030
|2 MRF-sel
|
| 100 |
1 |
|
|a Goldhahn, Irmgard
|7 xx0099828
|4 aut
|
| 245 |
1 |
0 |
|a Kleines medizinisches Fremdwörterbuch /
|c Irmgard Goldhahn, Wolf Eberhard Goldhahn
|
| 250 |
|
|
|a 7. Aufl., unveränd. Nachdruck der 6. Aufl.
|
| 260 |
|
|
|a Leipzig :
|b G. Thieme,
|c 1968
|
| 300 |
|
|
|a 8, 115 s.
|
| 650 |
0 |
7 |
|a lékařská terminologie
|7 ph301353
|2 czenas
|
| 655 |
|
7 |
|a terminologické slovníky
|7 fd202538
|2 czenas
|
| 700 |
1 |
|
|a Goldhahn, Wolf-Eberhard,
|d 1931-2000
|7 nlk20060173730
|4 aut
|
| 910 |
|
|
|a BOA001
|b 2-0424.591-68
|
| 990 |
|
|
|a BK
|
| 991 |
|
|
|b 201407
|
| 996 |
7 |
|
|b 2619107199
|c 2-0424.591-68
|l MZK
|r Sklad / do 24 hodin
|n 0
|w 001437386
|u 000010
|a 1
|e BOA001
|j MZK50
|s A
|